000 00822nam a2200253 a 4500
001 000010187
003 000010187
005 20180319102559.0
008 091005s1996 dr 000 p spa d
040 _aBPMSU
_bspa
_cBPMSU
082 4 _aRD861.44
_bG549d
092 _b
100 1 _aGlass Mejía, Manuel,
_d1923-1994
245 1 0 _aDel amor y otros poemas /
_cManuel Glass Mejía ; notas preliminares Mariano Lebrón Saviñón.
260 _aSanto Domingo :
_bEdiciones el Pez Rojo,
_c1996.
300 _axv, 84 p. ;
_c23 cm.
650 4 _aPOESÍA DOMINICANA
650 4 _aLITERATURA DOMINICANA
700 1 2 _aLebrón Saviñón, Mariano,
_d1922-
910 _aValidado. Control de calidad BNPHU
942 _2ddc
_cBK
945 _aRemanejado para la BNPHU / 2018 BT
956 _aVMATEO
_b10
_c20150728
_lBPMSU
_h0069
999 _c7103
_d7103